000 00345nam a2200145Ia 4500
003 OSt
005 20240321095302.0
008 170523s9999 xx 000 0 und d
020 _a978-8120325555
040 _ciimtu meerut
100 _aBHATTACHARYA
245 0 _aPRINCIPLES OF COST ACCOUNTING
260 _bTATA MC GRAW HILL
942 _2ddc
_c02
999 _c1712
_d1712